Les saisons et le climat - Statistiques

Statistiques générales
  • Ce quiz a été pris 31 fois
  • Le résultat moyen est 6 sur 8
Statistiques - réponses
Question Réponse % Correct
Pourquoi la puissance solaire reçue varie-t-elle selon la latitude ? Parce que la Terre est sphérique et l’angle d’incidence des rayons du Soleil change
94%
À quel moment de la journée la puissance solaire reçue est-elle maximale ? À midi lorsque le Soleil est au plus haut
88%
Quelle est la conséquence principale de la rotation de la Terre sur elle-même ? L’alternance du jour et de la nuit
88%
Où observe-t-on les températures moyennes les plus élevées sur Terre ? Dans la zone intertropicale
82%
Vers quelle étoile l’axe de la Terre est-il toujours dirigé ? L'étoile polaire
82%
Quelle est l’inclinaison de l’axe de rotation de la Terre par rapport à l’écliptique ? 23,5°
76%
Pourquoi fait-il plus froid aux pôles qu’à l’équateur ? Parce que l’angle d’incidence des rayons solaires y est plus important et la lumière est étalée sur une plus grande surface
71%
Pourquoi fait-il plus chaud en été qu’en hiver dans l’hémisphère nord ? Parce que les rayons du Soleil sont plus concentrés sur une surface plus petite
65%
Aucun quiz correspondant
Distribution des résultats
% des personnes avec chaque résultat
Percentile par nombre de réponses
Votre historique - résultats
Vous n’avez pas pris ce quiz